Responses for Show #6026 - Monday, November 22, 2010

Contestants

[<< previous game]

George Tsuji, a software engineer from Ottawa, Ontario, Canada

Aimee Slater, a program manager originally from Spokane, Washington

Vito Cortese, a software engineer and Italian translator from Pittsburgh, Pennsylvania (whose 3-day cash winnings total $68,485)

[next game >>]

Jeopardy! Round responses

WORLD HERSTORY
THE QUOTABLE DE NIRO
(Alex: You have to name the movie.)
THE DREADED COUNTING CATEGORY
(Alex: Each response will be three numbers, in order.)
YOU'RE SUCH AN ANIMAL!
DRINKS ARE ON ME!
WORD PUZZLES
    $200 12
Florence Nightingale

Vito
    $200 1
(Aimee: What is Taxi Driver?)

Raging Bull

AimeeGeorge
    $200 15
1, 2, 3

Aimee
    $200 11
a walrus

Aimee
    $200 6
Nestea

George
    $200 22
flipped the house

Vito
    $400 13
Sacagawea

Vito
    $400 2
(Aimee: Uh... ah, sorry.)

Cape Fear

AimeeGeorge
    $400 27
7, 8, 9

Aimee
    $400 18
buffalo

Vito
    $400 7
root beer

Vito
    $400 23
the Aegean Sea

George
    $600 14
Indira Gandhi

George
    $1,000 3
The Godfather Part II

George
    $600 28
998, 999, 1000

George
    $600 19
a Gila monster

Vito
    $600 8
Kool-Aid

Vito
    $600 24
lickety split

George
    $800 16
Nefertiti

Aimee
    $800 4
(George: What is Heat?)

Casino

George
Triple Stumper
    $800 29
(George: What is 48, 49, 50?)

49, 50, 51

VitoGeorge
    $800 20
a spider monkey

Aimee
    $800 9
Gatorade

Aimee
    $800 25
uproar

George
    $1000 17
(Alex: Correct, and with that, you move $200 off the lead.)

Eleanor of Aquitaine

Aimee
    $1000 5
Midnight Run

Triple Stumper
    $1000 30
42, 43, 44

Aimee
    $1000 21
a hippopotamus

Aimee
    $1000 10
Smartwater

Vito
    $1000 26
crossbow

George

Scores at the first commercial break (after clue 15):

Vito Aimee George
$2,600 $600 $1,600

Scores at the end of the Jeopardy! Round:

Vito Aimee George
$4,600 $5,600 $4,200

Double Jeopardy! Round responses

CUBA, SI!
YANKEES, NO!
AUTHORS' BIRTHPLACES
CONTRONYMS
THEY COME IN TWOS
I LEARNED IT IN BALLET CLASS
(Kelly: ...from some of the best dancers in the country at the renowned Dance Theatre of Harlem.)
    $400 6
Sierra

Vito
    $400 5
the Brooklyn Dodgers

George
    $400 20
Ibsen

Vito
    $400 25
screen

Triple Stumper
    $400 10
Alpine

George
    $400 26
allegro

Vito
    $800 7
[Alex originally misspoke, saying 1969, then corrected himself while Vito called the next clue.]

1959

Triple Stumper
    $800 4
Babe Ruth

Vito
    $800 21
(Upton) Sinclair

Aimee
    $800 18
a pit

Vito
    $800 11
a verb

Vito
    $800 27
Tchaikovsky

George
    $1200 8
the West Indies

Triple Stumper
    $1200 1
(Aimee: What is Boston?)

Cincinnati

AimeeGeorge
    $1200 22
Steinbeck

Vito
    $1200 15
a handicap

George
    $2,000 12
(Vito: Who is Krishna?)

Shiva

Vito
    $1200 28
(Vito: Who is Henry V?)

Louis XIV

VitoAimee
    $1600 9
palm

Triple Stumper
    $1600 2
the Boston Red Sox

George
    $1,500 23
(Alex: Vito?)
(Vito: Who is... Wadsworth?)

Theodore Dreiser

Vito
    $1600 16
trim

Vito
    $1600 13
Bactrian

Triple Stumper
    $1600 29
Balanchine

Vito
    $2000 19
SanterĂ­a

Vito
    $2000 3
Sandy Koufax

Vito
    $2000 24
(Jean-Paul) Sartre

George
    $2000 17
sanction

Triple Stumper
    $2000 14
endocrine & exocrine

George
    $2000 30
(Vito: What is The Nutcracker Suite?)
(Alex: Nutcracker--No. [After no one else rings in] Nutcracker Suite was an adaptation of the music from [*]. I'm standing here because I want to practice my little...)
[Alex attempts to stretch his right leg, using his podium as a barre, but hurts his hip and then limps back behind the podium while introducing the Final Jeopardy! category.]

The Nutcracker

Vito
Triple Stumper

Scores at the end of the Double Jeopardy! Round:

Vito Aimee George
$9,900 $6,400 $13,800

[wagering suggestions for these scores]

Final Jeopardy! Round responses

COMMUNICATION
[ERRATUM: The clue should have read "SS Arapahoe", a commercial steamer. The U.S. Navy ship USS Arapahoe was not launched until 1914.]
AimeeWhat is S.O.S.?
$6,400
VitoWhat is an S.O.S.?
$4,000
GeorgeWhat is S.O.S.
$6,200
SOS

Final scores:

Vito Aimee George
$13,900 $12,800 $20,000
2nd place: $2,000 3rd place: $1,000 New champion: $20,000

Game dynamics:

Coryat scores:

Vito Aimee George
$13,400 $6,400 $13,400
20 R,
4 W
(including 2 DDs)
11 R,
3 W
18 R
(including 1 DD),
2 W

Combined Coryat: $33,200

[game clues] [game scores] [suggest correction]

Game tape date: 2010-08-31
The J! Archive is created by fans, for fans. Scraping, republication, monetization, and malicious use prohibited; this site may use cookies and collect identifying information. See terms. The Jeopardy! game show and all elements thereof, including but not limited to copyright and trademark thereto, are the property of Jeopardy Productions, Inc. and are protected under law. This website is not affiliated with, sponsored by, or operated by Jeopardy Productions, Inc. Join the discussion at JBoard.tv.